Регионална библиотека "Любен Каравелов" - Русе

A Long Long Way (Запис номер 158109)

MARC детайли
000 -Лидер
Контролно поле с фиксирана дължина 01020nam a2200301 c 4500
003 - Код на организацията, давaща контролен номер
Контролно поле BLK
005 - Дата и час на последна редакция
Контролно поле 20190909125150.0
008 - Елементи от данни с фиксирана дължина
fixed length control field 180410b bul|||||r ||||||| ||bul||
010 ## - Наследен системен номер
LC control number KNG00165116000
020 ## - Международен стандартен номер на книга ISBN
Международен стандартен номер на книга ISBN 0-571-21801-6
-- издат.: Faber and Faber
040 ## - Източник на каталожния запис
Идентификатор на билиотеката - собственик на записа BLK
041 ## - Код за език
Код за езика на текст/звукозапис или на отделно заглавие Английски
Код за езика КДБФ Английски
072 #7 - Код за тематичната категория
Код организация bullib
Код за тематична категория Н83
Текст Чужда художествена литература Н
080 ## - УДК
Текстов определител УДК Ирландска литература (на Ейре) на английски език (вж и 821.152.1)
УДК код - определител по УДК 821.111(417)
УДК определител -31
УДК - код + определител 821.111(417)-31
100 1# - Редна дума - Автор
Автор Barry, Sebastian
Авторска отговорност първи автор
R(LIN) 331284
139 ## - Редно поле
Редна дума Barry, Sebastian
Авторски знак Barr - B 26
245 10 - Сведения за заглавието
Заглавие A Long Long Way
Редно поле (дума) Sebastian Barry.
257 ## - Страна на издаване
Страна на създаване/издаване Великобритания
260 ## - Област на издателските данни
-- London
Име на издателя, разпространителя и проч. Faber and Faber
Година на издаване 2006
300 ## - Физическа характеристика
Страници 296 c.
Размери/Мащаб 20 см
380 ## - Жанр
Жанр Худож. лит.
659 ## - Тематичен бюлетин
Тематичен бюлетин Н
852 ## - Местоположение
Форматна сигнатура Цб 204687
856 4# - Електронен адрес и достъп
Електронен формат pdf - файл
Път до файла /url/
856 4# - Електронен адрес и достъп
Електронен формат pdf - файл
Път до файла /url/
942 ## - АРТИКУЛИ
Вид на библиотечния материал Книги
Скрит в OPAC Не
Koha issues (borrowed), all copies 1
944 ## - СЪЗДАВАНЕ И РЕДАКЦИЯ на ЗАПИСА
Създаване/Редакция Създаване
Дата на регистрацията/редакция 23.09.2014
Служител, извършил регистрацията/редакцията Пенка_Димитрова
944 ## - СЪЗДАВАНЕ И РЕДАКЦИЯ на ЗАПИСА
Създаване/Редакция Редакция
Дата на регистрацията/редакция 06.02.2016
Служител, извършил регистрацията/редакцията Теодора_Стоянова
999 ## - СИСТЕМНИ КОНТРОЛНИ НОМЕРА
Koha biblionumber 158109
Koha biblioitemnumber 158109
Наличности
Код за отписване Код за изгубен артикул Източник на класификационната схема Код за повреда Коз за рестрикции Код за отдаване Артикулен № Име на библиотеката - собственик Име на библиотеката, в която се намира в момента Статус (Текущо местоположение) Дата на вписване в системата Местоположение - отдел Цена в лева Инвентарен номер Систематично азбучна сигнатура Баркод Номер на екземпляра Цена в евро Служебна бележка Служебен тип на артикула
  Не е изгубен Universal Decimal Classification Не е повреден без рестрикции заемане за дома 264606 Регионална библиотека "Любен Каравелов" Русе Регионална библиотека "Любен Каравелов" Русе ЧЧЗО - англ. ез. - Британски съвет 2014-10-04 ЧЧЗО - англ. ез. - Британски съвет 16.00 120000781350 Ч3 820(417)-31/B 26 120000781350 1 8.18 Дост: DA Вид: А N: 21 Дата: 04.10.2014 Дата инв: 17.03.2015 Бележки инв: Ч32015 Книги
Vip Innovations Ltd, Rousse, Bulgaria 2025